Central Library OPAC University of Rajshahi

শিক্ষাপ্রকল্প / (Record no. 47270)

MARC details
000 -LEADER
fixed length control field 00809nam a2200229 a 4500
001 - CONTROL NUMBER
control field 47270
003 - CONTROL NUMBER IDENTIFIER
rucl marc code BD-RjUL
005 - DATE AND TIME OF LATEST TRANSACTION
control field 20211209054303.0
008 - FIXED-LENGTH DATA ELEMENTS--GENERAL INFORMATION
fixed length control field 160807s1948 ii ||||| |||| 00| 0 ben d
020 ## - INTERNATIONAL STANDARD BOOK NUMBER
Terms of availability : TK .50
035 ## - SYSTEM CONTROL NUMBER
System control number (BD-RjUL)47389
040 ## - CATALOGING SOURCE
Original cataloging agency BD-RjUL
Language of cataloging ben
Transcribing agency BD-RjUL
041 ## - LANGUAGE CODE
Language code of text/sound track or separate title ben
082 ## - DEWEY DECIMAL CLASSIFICATION NUMBER
Edition number 23
Classification number 370
Author mark and year ROS 1948
100 1# - MAIN ENTRY--PERSONAL NAME
Personal name রায়, শ্রীযোগেশচন্দ্র
9 (RLIN) 143889
245 10 - TITLE STATEMENT
Title শিক্ষাপ্রকল্প /
Statement of responsibility, etc. শ্রীযোগেশচন্দ্র রায়
260 ## - PUBLICATION, DISTRIBUTION, ETC. (IMPRINT)
Place of publication, distribution, etc. কলিকাতা :
Name of publisher, distributor, etc. বিশ্বভারতী গ্রন্হালয়,
Date of publication, distribution, etc. ১৯৪৮
300 ## - PHYSICAL DESCRIPTION
Pagination [৬], ৭২ পৃ. ;
Size ১৫ সেমি.
650 ## - SUBJECT ADDED ENTRY--TOPICAL TERM
Topical term or geographic name as entry element শিক্ষা
9 (RLIN) 143890
Topical term or geographic name as entry element Education
9 (RLIN) 143891
942 ## - ADDED ENTRY ELEMENTS (KOHA)
Source of classification or shelving scheme Dewey Decimal Classification
Koha item type Books
Holdings
Lost status Source of classification or shelving scheme Damaged status Not for loan Collection code Permanent Location Current Location Shelving location Date acquired Source of acquisition Cost, normal purchase price Total Checkouts Full call number Date last seen Copy number Koha item type
  Dewey Decimal Classification     Non-fiction Central Library, University of Rajshahi Central Library, University of Rajshahi   21/01/1957 K. B. D 0.40   B 370 ROS 1948 07/08/2016 C-2 Books
  Dewey Decimal Classification     Non-fiction Central Library, University of Rajshahi Central Library, University of Rajshahi   21/01/1957 K. B. D 0.40   B 370 ROS 1948 07/08/2016 C-3 Books